000 01014njm a22002537a 4500
005 20100906154735.0
007 sd ammalaaahaa
008 100830t xxu||||| |||| 00| 0 hin d
028 _aGE. 23051
_bColumbia
035 _aGR-851
040 _aSED/VEN
100 _917458
_aC. H. Atma
245 _aMai ghi ka diya jalau bhag 1 /
_cby C. H. Atma ; music Dtn. O. P. Nayyar ; lyric Saroj Mohinee Nayyar
_h[Sound recording] :
246 _aमै घी का दिया जलाऊ (क. ह. आत्मा)
260 _aDum Dum, India
_bColumbia
300 _a1 Sound disc [Gramophone Record] :
_banlog, 33 1/3 rpm
_c10 in (LP)
_fGramophone Records
500 _aBrief record
505 _aPapi nahi ga (पापी नहीं गा) भाग. 2
650 _aClasical music
_91186
_zIndia
_xExcerpts
700 _917459
_aNayyar, O. P.
700 _918539
_aNayyar, Saroj Mohinee
942 _2ddc
_cGR
999 _c44070
_d44070